000 00723cab a2200253 4500
001 ABS58106
008 090401t1997 xxu||||| |||| 00| 0 eng d
035 _a(Sirsi) u82912
041 _aeng
100 _aJessel, C.
245 4 _aThe changing stream
260 _c1997
350 _a0
490 _aRural Property Bulletin
_vNovember/December 1997, 23-24(2)
520 _aExamines how the law treats the movement of rivers and stream when they form the boundary of a property.
650 _aBoundary disputes
_96221
650 _aBoundary disputes
_96221
650 _aRIVER DIVERSION
650 _aRIVERS
650 _aSTREAMS
690 _aPROPERTY LAW AND PRACTICE
942 _n0
948 _c05/01/1998
999 _c52368
_d52368